[Event "FIDE Open World Blitz 2021"]
[Site "Warsaw"]
[Date "2021.12.29"]
[Round "7.23"]
[White "Czarnota, Pawel"]
[Black "Nevednichy, Vladislav"]
[Result "1-0"]
[WhiteElo "2502"]
[BlackElo "2379"]
[Annotator "ChessBase"]
[PlyCount "123"]
[EventDate "2021.12.29"]
[EventType "swiss"]
[EventCountry "POL"]
[Tiebreak "Cut1 Buchholz"]
[SourceTitle "playchess.com"]
[Source "ChessBase"]
[SourceQuality "1"]

1. e4 d6 2. d4 Nf6 3. Nc3 e5 4. Nf3 exd4 5. Nxd4 Be7 6. Be2 O-O 7. O-O Re8 8.
Re1 a6 9. f4 Bf8 10. Bf3 c5 11. Nde2 Nc6 12. h3 Bd7 13. Be3 b5 14. Ng3 Rc8 15.
Qd2 b4 16. Nd1 Nd4 17. Bxd4 cxd4 18. Nf2 Qc7 19. Rac1 Qc4 20. Nd3 a5 21. b3 Qc3
22. Qxc3 Rxc3 23. Ne2 Rc7 24. Nxd4 Rec8 25. g4 h6 26. Kg2 g6 27. Nb2 Bg7 28.
Red1 Ne8 29. Nc4 a4 30. Nb6 Rb8 31. Nd5 Ra7 32. Ne7+ Kf8 33. Nec6 Bxd4 34. Nxb8
Be3 35. Nxd7+ Rxd7 36. Rb1 Bxf4 37. bxa4 Rc7 38. Re1 Rxc2+ 39. Re2 Rc4 40. a5
Nc7 41. Reb2 Rc5 42. Be2 Rxa5 43. Bc4 Rc5 44. Rxb4 Bd2 45. Ra4 Kg7 46. Rd1 Bf4
47. Bb3 Kf6 48. Rc4 Na6 49. Rxc5 Nxc5 50. Bd5 Ke7 51. Rb1 f5 52. gxf5 gxf5 53.
exf5 Kf6 54. Be6 Ke5 55. Re1+ Kf6 56. Kf3 Be5 57. Rg1 Nxe6 58. fxe6 Kxe6 59.
Rg6+ Kf5 60. Rxh6 d5 61. Rh5+ Ke6 62. Rxe5+ 1-0

[Event "FIDE Open World Blitz 2021"]
[Site "Warsaw"]
[Date "2021.12.29"]
[Round "7.24"]
[White "Antipov, Mikhail Al."]
[Black "Caruana, Fabiano"]
[Result "0-1"]
[WhiteElo "2587"]
[BlackElo "2791"]
[Annotator "TA"]
[PlyCount "124"]
[EventDate "2021.12.29"]
[EventType "swiss"]
[EventCountry "POL"]
[Tiebreak "Cut1 Buchholz"]
[SourceTitle "playchess.com"]
[Source "ChessBase"]
[SourceQuality "1"]

1. e4 e5 2. Nf3 Nc6 3. Bc4 Bc5 4. d3 Nf6 5. O-O h6 6. c3 d6 7. Nbd2 O-O 8. Re1
Bb6 9. Bb3 Ne7 10. Nc4 Be6 11. Bc2 Ng6 12. h3 Bxc4 13. dxc4 Nh5 14. Be3 Nhf4
15. Kh2 Qf6 16. g3 Ne6 17. Kg2 Bxe3 18. Rxe3 a5 19. Nh2 Ne7 20. Qh5 Qg5 21.
Qxg5 hxg5 22. b3 g6 23. Rd1 Kg7 24. Ree1 f5 25. exf5 gxf5 26. Nf3 Kf6 27. Nd2
Rh8 28. Nf1 Rag8 29. Ne3 g4 30. hxg4 f4 31. Nd5+ Nxd5 32. cxd5 Ng5 33. gxf4
exf4 34. Bf5 Rh3 35. Re6+ Kf7 36. Rde1 f3+ 37. Kg1 Rgh8 38. Bg6+ Kg7 39. Bh5
Nxe6 40. dxe6 R8xh5 41. gxh5 Kf8 42. Re3 Ke7 43. a4 d5 44. Re5 c6 45. Re3 Rxh5
46. Rxf3 Kxe6 47. Kf1 Rh1+ 48. Ke2 Rb1 49. c4 dxc4 50. bxc4 Rb4 51. c5 Rxa4 52.
Rb3 Rb4 53. Rd3 Rb5 54. Rd6+ Ke7 55. Rh6 a4 56. Kd3 a3 57. Rh1 a2 58. Ra1 Rb2
59. f4 Ke6 60. Kc3 Rf2 61. Kb4 Rxf4+ 62. Ka5 Rf2 0-1

[Event "FIDE Open World Blitz 2021"]
[Site "Warsaw"]
[Date "2021.12.29"]
[Round "7.24"]
[White "Vakhidov, Jakhongir"]
[Black "Petrovskyi, Vadym"]
[Result "1-0"]
[WhiteElo "2557"]
[BlackElo "2377"]
[Annotator "ChessBase"]
[PlyCount "116"]
[EventDate "2021.12.29"]
[EventType "swiss"]
[EventCountry "POL"]
[Tiebreak "Cut1 Buchholz"]
[SourceTitle "playchess.com"]
[Source "ChessBase"]
[SourceQuality "1"]

1. c4 Nf6 2. Nc3 e6 3. e4 d6 4. d4 g6 5. g3 Bg7 6. Bg2 O-O 7. Nge2 c5 8. O-O
Nc6 9. dxc5 dxc5 10. Be3 Qe7 11. h3 Rd8 12. Qc1 Nd7 13. Rd1 Nde5 14. Rxd8+ Qxd8
15. b3 Nd4 16. Kf1 Nxe2 17. Nxe2 Nd3 18. Qd1 Bxa1 19. Qxa1 Qe7 20. a3 Bd7 21.
Qc3 Qd6 22. Bh6 e5 23. Qd2 Bc6 24. Nc3 Rd8 25. Nd5 Bxd5 26. exd5 e4 27. Bxe4
Ne5 28. Qf4 f5 29. Bc2 Nf7 30. Qxd6 Nxd6 31. Bf4 Kf7 32. f3 Ke8 33. h4 Kd7 34.
a4 a5 35. Kf2 Re8 36. Bd3 Nf7 37. h5 Ne5 38. Bc2 Nf7 39. Bd2 b6 40. hxg6 hxg6
41. g4 Rh8 42. gxf5 Rh2+ 43. Ke3 gxf5 44. Bxf5+ Ke7 45. Bc3 Nd6 46. Bd3 Rh3 47.
Be5 Nf7 48. Bc7 Rh6 49. f4 Kd7 50. Be5 Rh3+ 51. Kd2 Ke7 52. Bc7 Rh6 53. Bf5 Nd6
54. Be6 Ne4+ 55. Ke3 Nc3 56. f5 Rh3+ 57. Kf4 Ne2+ 58. Kg5 Rh1 1-0

[Event "FIDE Open World Blitz 2021"]
[Site "Warsaw"]
[Date "2021.12.29"]
[Round "7.25"]
[White "Harsha, Bharathakoti"]
[Black "Rapport, Richard"]
[Result "1-0"]
[WhiteElo "2576"]
[BlackElo "2763"]
[Annotator "ChessBase"]
[PlyCount "99"]
[EventDate "2021.12.29"]
[EventType "swiss"]
[EventCountry "POL"]
[Tiebreak "Cut1 Buchholz"]
[SourceTitle "playchess.com"]
[Source "ChessBase"]
[SourceQuality "1"]

1. Nf3 Nf6 2. c4 g6 3. Nc3 Bg7 4. e4 d6 5. d4 O-O 6. Be2 e5 7. d5 a5 8. Bg5 h6
9. Be3 Ng4 10. Bd2 f5 11. exf5 gxf5 12. h3 Nf6 13. Qc1 f4 14. g3 e4 15. Nh4 e3
16. fxe3 fxg3 17. Ng6 Re8 18. Rg1 Bf5 19. Nf4 Qe7 20. Rxg3 Kh7 21. Bd3 Bxd3 22.
Nxd3 Ne4 23. Nxe4 Qxe4 24. Nf2 Qf5 25. Bc3 Be5 26. Bxe5 Rxe5 27. Qb1 Nd7 28.
Qxf5+ Rxf5 29. Nd3 Re8 30. Ke2 Nf6 31. Rag1 Re7 32. Rf3 Rxf3 33. Kxf3 b5 34.
cxb5 Nxd5 35. e4 Nf6 36. Re1 Rf7 37. Ke3 Rg7 38. Kd4 Rg3 39. Rc1 Ne8 40. Nf4
Kg8 41. Nd5 Rg7 42. b6 cxb6 43. Rc8 Kf8 44. Nf6 Rg2 45. Nxe8 Ke7 46. Ra8 Rxb2
47. Nc7 Rxa2 48. Nd5+ Ke6 49. Ra7 Ra4+ 50. Ke3 1-0

[Event "FIDE Open World Blitz 2021"]
[Site "Warsaw"]
[Date "2021.12.29"]
[Round "7.25"]
[White "Jakubowski, Krzysztof"]
[Black "Kantor, Gergely"]
[Result "0-1"]
[WhiteElo "2373"]
[BlackElo "2566"]
[Annotator "ChessBase"]
[PlyCount "119"]
[EventDate "2021.12.29"]
[EventType "swiss"]
[EventCountry "POL"]
[Tiebreak "Cut1 Buchholz"]
[SourceTitle "playchess.com"]
[Source "ChessBase"]
[SourceQuality "1"]

1. e4 Nc6 2. Nf3 d6 3. d4 Nf6 4. Nc3 g6 5. h3 Bg7 6. Be3 a6 7. a4 O-O 8. Be2 e5
9. O-O exd4 10. Nxd4 Bd7 11. Qd2 Re8 12. Nxc6 Bxc6 13. Bg5 Bxe4 14. Rfe1 Bc6
15. Qf4 Re5 16. h4 Qe7 17. Red1 h6 18. Bxh6 Bxh6 19. Qxh6 Rxe2 20. Nxe2 Qxe2
21. Qf4 Nh5 22. Qd4 Re8 23. Re1 Qxe1+ 24. Rxe1 Rxe1+ 25. Kh2 Re4 26. Qa7 Rxh4+
27. Kg1 Rg4 28. g3 Rxa4 29. Kf1 Bf3 30. Ke1 Nf6 31. Kd2 Kg7 32. Qb8 Rc4 33. b3
Rc5 34. Qd8 a5 35. Qa8 Be4 36. c4 b6 37. Qd8 a4 38. bxa4 Rxc4 39. Ke3 Nd5+ 40.
Kd2 Rxa4 41. Qg5 Bf5 42. f3 Rd4+ 43. Kc1 Rc4+ 44. Kb2 Rc2+ 45. Kb3 Rc5 46. g4
Be6 47. Kb2 Nb4 48. Qe3 Nc6 49. f4 Bxg4 50. Qg3 Bf5 51. Qe1 b5 52. Ka3 b4+ 53.
Kb3 Bc2+ 54. Kb2 b3 55. f5 Bxf5 56. Kxb3 Ne5 57. Qa1 Rb5+ 58. Ka4 Bd7 59. Qd4
Rd5+ 60. Ka3 0-1

[Event "FIDE Open World Blitz 2021"]
[Site "Warsaw"]
[Date "2021.12.29"]
[Round "7.26"]
[White "Korobov, Anton"]
[Black "Ter-Sahakyan, Samvel"]
[Result "1/2-1/2"]
[WhiteElo "2684"]
[BlackElo "2565"]
[Annotator "ChessBase"]
[PlyCount "88"]
[EventDate "2021.12.29"]
[EventType "swiss"]
[EventCountry "POL"]
[Tiebreak "Cut1 Buchholz"]
[SourceTitle "playchess.com"]
[Source "ChessBase"]
[SourceQuality "1"]

1. d4 Nf6 2. c4 e6 3. Nc3 Bb4 4. e3 O-O 5. Nge2 d5 6. a3 Be7 7. cxd5 exd5 8.
Nf4 c6 9. Bd3 Na6 10. O-O Nc7 11. f3 c5 12. dxc5 Bxc5 13. Nce2 Ne6 14. Kh1 Re8
15. Nxe6 fxe6 16. Qc2 Bb6 17. e4 dxe4 18. Bxe4 Nxe4 19. Qxe4 Qd5 20. Qh4 Bd7
21. Nc3 Qf5 22. Re1 Bc6 23. Be3 Bc7 24. Rad1 Rad8 25. Rxd8 Bxd8 26. Qd4 Bf6 27.
Qd2 Rd8 28. Qf2 a6 29. h3 h6 30. Bb6 Rd3 31. Re3 Bxc3 32. bxc3 Rd1+ 33. Kh2
Qf4+ 34. g3 Qc4 35. Bd4 Ra1 36. Re2 Bb5 37. Rd2 Qb3 38. g4 Qb1 39. Qe3 Qh1+ 40.
Kg3 Bc4 41. Qe5 Qe1+ 42. Qxe1 Rxe1 43. f4 Re2 44. Rxe2 Bxe2 1/2-1/2

[Event "FIDE Open World Blitz 2021"]
[Site "Warsaw"]
[Date "2021.12.29"]
[Round "7.26"]
[White "Carlsson, Pontus"]
[Black "Wieczorek, Oskar"]
[Result "0-1"]
[WhiteElo "2457"]
[BlackElo "2258"]
[Annotator "ChessBase"]
[PlyCount "167"]
[EventDate "2021.12.29"]
[EventType "swiss"]
[EventCountry "POL"]
[Tiebreak "Cut1 Buchholz"]
[SourceTitle "playchess.com"]
[Source "ChessBase"]
[SourceQuality "1"]

1. e4 c5 2. Nf3 g6 3. c3 d5 4. exd5 Qxd5 5. d4 Bg7 6. Na3 Nf6 7. Bc4 Qe4+ 8.
Be3 O-O 9. dxc5 Ng4 10. Bd5 Nxe3 11. Bxe4 Nxd1 12. Rxd1 Na6 13. c6 bxc6 14. Nd4
Nc5 15. Bc2 Rb8 16. b4 Ne6 17. Ne2 a5 18. bxa5 Ra8 19. Nc4 Ba6 20. Bb3 Nc5 21.
O-O Nxb3 22. axb3 Bxc4 23. bxc4 Rxa5 24. Rd7 Bf6 25. Nd4 Rc5 26. g3 Rxc4 27.
Ne2 Rb8 28. Rd2 h5 29. Kg2 Kg7 30. Rfd1 Rb5 31. Rd3 Rb2 32. R1d2 Rb3 33. Rc2
Ra4 34. f4 c5 35. Kf3 Ra7 36. h3 c4 37. Re3 e6 38. g4 hxg4+ 39. hxg4 g5 40. Ng3
gxf4 41. Kxf4 Bd8 42. Kf3 Raa3 43. Ne2 Ra5 44. Re4 Rc5 45. Nd4 Ra3 46. Rxe6 Bf6
47. Re4 Rd5 48. Nf5+ Kg6 49. Rxc4 Rd3+ 50. Ke4 Rd8 51. Kf3 Ra1 52. Ne3 Rd3 53.
Ke2 Rd8 54. Re4 Bg5 55. Nf5 Rh1 56. Kf3 Rd3+ 57. Ne3 Rh3+ 58. Kg2 Rhxe3 59.
Rxe3 Rxe3 60. c4 Re4 61. Kf3 Re3+ 62. Kf2 Re5 63. Kf3 Be3 64. Re2 Bd4 65. Rd2
Bc5 66. Rd7 Re3+ 67. Kf4 Rc3 68. Ke5 Rxc4 69. g5 Rg4 70. Kd5 Rxg5+ 71. Kc4 Bf8
72. Rd1 Bg7 73. Rf1 Re5 74. Kd3 f5 75. Rg1+ Kf6 76. Rf1 Bh6 77. Rh1 Bg5 78. Rh8
f4 79. Rf8+ Kg6 80. Kd4 Re7 81. Rg8+ Kf5 82. Rf8+ Kg4 83. Kd3 f3 84. Kd4 0-1

[Event "FIDE Open World Blitz 2021"]
[Site "Warsaw"]
[Date "2021.12.29"]
[Round "7.27"]
[White "Santos Latasa, Jaime"]
[Black "Abdusattorov, Nodirbek"]
[Result "0-1"]
[WhiteElo "2561"]
[BlackElo "2646"]
[Annotator "ChessBase"]
[PlyCount "126"]
[EventDate "2021.12.29"]
[EventType "swiss"]
[EventCountry "POL"]
[Tiebreak "Cut1 Buchholz"]
[SourceTitle "playchess.com"]
[Source "ChessBase"]
[SourceQuality "1"]

1. e4 c5 2. Nf3 Nc6 3. Nc3 Nf6 4. Bb5 g6 5. e5 Ng4 6. Bxc6 dxc6 7. h3 Nh6 8. g4
Bg7 9. d3 O-O 10. Qe2 f6 11. Bf4 Nf7 12. O-O-O fxe5 13. Bg3 Be6 14. Rhe1 Bd5
15. Nxd5 Qxd5 16. Kb1 a5 17. Nxe5 Nxe5 18. Bxe5 Rae8 19. Bxg7 Kxg7 20. Qd2 b6
21. Re4 Rf3 22. h4 Qf7 23. Re2 Qf4 24. Qc3+ Qf6 25. Qd2 Qxh4 26. Re6 Rf6 27.
Re4 Qxf2 28. Qc3 e5 29. Rxe5 Rxe5 30. Qxe5 Qf4 31. Qe7+ Rf7 32. Qe6 Qf6 33. Qe8
Re7 34. Qd8 b5 35. a3 a4 36. Qc8 b4 37. g5 Qxg5 38. Rf1 Rf7 39. Rxf7+ Kxf7 40.
Qxc6 bxa3 41. bxa3 Qg1+ 42. Ka2 Qd4 43. Qb7+ Kg8 44. Qc8+ Kg7 45. Qc7+ Kf6 46.
Qxh7 g5 47. Qh6+ Kf5 48. Qh7+ Kg4 49. Qf7 Kh4 50. Qg6 g4 51. Qh7+ Kg3 52. Qh6
Qe5 53. Kb1 Kf2 54. Qd2+ Kf1 55. Ka2 g3 56. Qd1+ Kf2 57. Qd2+ Kf3 58. Qd1+ Qe2
59. Qh1+ g2 60. Qh3+ Kf2 61. Qh4+ Kf1 62. Qf4+ Qf2 63. Qc1+ Ke2 0-1

[Event "FIDE Open World Blitz 2021"]
[Site "Warsaw"]
[Date "2021.12.29"]
[Round "7.27"]
[White "Janik, Igor"]
[Black "Elier, Ali"]
[Result "1/2-1/2"]
[WhiteElo "2508"]
[BlackElo "2194"]
[Annotator "ChessBase"]
[PlyCount "47"]
[EventDate "2021.12.29"]
[EventType "swiss"]
[EventCountry "POL"]
[Tiebreak "Cut1 Buchholz"]
[SourceTitle "playchess.com"]
[Source "ChessBase"]
[SourceQuality "1"]

1. e4 e5 2. Nf3 Nc6 3. Bc4 Nf6 4. Ng5 Bc5 5. Bxf7+ Ke7 6. Bd5 d6 7. c3 Rf8 8.
d4 exd4 9. Bxc6 bxc6 10. cxd4 Bb4+ 11. Bd2 Bxd2+ 12. Nxd2 h6 13. Ngf3 Ba6 14.
Qa4 Bb5 15. Qc2 Kd7 16. Rc1 Qe7 17. a4 Nxe4 18. Nxe4 Bxa4 19. Qxa4 Qxe4+ 20.
Kf1 Rxf3 21. gxf3 Qd3+ 22. Kg2 Qg6+ 23. Kf1 Qd3+ 24. Kg2 1/2-1/2

[Event "FIDE Open World Blitz 2021"]
[Site "Warsaw"]
[Date "2021.12.29"]
[Round "7.28"]
[White "Gareyev, Timur"]
[Black "Niemann, Hans Moke"]
[Result "0-1"]
[WhiteElo "2583"]
[BlackElo "2635"]
[Annotator "ChessBase"]
[PlyCount "116"]
[EventDate "2021.12.29"]
[EventType "swiss"]
[EventCountry "POL"]
[Tiebreak "Cut1 Buchholz"]
[SourceTitle "playchess.com"]
[Source "ChessBase"]
[SourceQuality "1"]

1. d4 Nf6 2. c4 e6 3. Nc3 Bb4 4. Qc2 d5 5. e3 c5 6. dxc5 Nc6 7. Nf3 Bxc5 8. a3
d4 9. Na4 Be7 10. exd4 Nxd4 11. Nxd4 Qxd4 12. Be3 Qe5 13. Be2 Bd7 14. Bf3 Bc6
15. Bxc6+ bxc6 16. Qc3 Qh5 17. h3 Ne4 18. Qc2 Qa5+ 19. b4 Qf5 20. O-O O-O 21.
Rfe1 Rfd8 22. Rad1 Bh4 23. Nc5 Nd6 24. Qxf5 Nxf5 25. Bf4 Bf6 26. Nb7 Rd4 27.
Rxd4 Nxd4 28. Na5 Rd8 29. Bc7 Rc8 30. Be5 Nc2 31. Re4 Nxa3 32. Bxf6 gxf6 33.
Re2 a6 34. Rd2 c5 35. b5 axb5 36. cxb5 Nxb5 37. Nc4 Nd4 38. Rd3 Kf8 39. g4 Ke7
40. Ra3 Rc7 41. Kg2 h6 42. Ra5 f5 43. Kg3 Kf6 44. Kh4 Kg7 45. Kg3 fxg4 46. hxg4
Nc2 47. Kf4 Nb4 48. Ke4 Nd5 49. f4 Nf6+ 50. Kf3 Nd7 51. Ra6 Rb7 52. Rd6 Rb3+
53. Ke2 Nf6 54. f5 Rb4 55. Ne3 Nxg4 56. fxe6 Re4 57. Kf3 Rxe3+ 58. Kxg4 Rxe6
0-1

[Event "FIDE Open World Blitz 2021"]
[Site "Warsaw"]
[Date "2021.12.29"]
[Round "7.28"]
[White "Sadzikowski, Daniel"]
[Black "Halkias, Stelios"]
[Result "0-1"]
[WhiteElo "2415"]
[BlackElo "2575"]
[Annotator "ChessBase"]
[PlyCount "100"]
[EventDate "2021.12.29"]
[EventType "swiss"]
[EventCountry "POL"]
[Tiebreak "Cut1 Buchholz"]
[SourceTitle "playchess.com"]
[Source "ChessBase"]
[SourceQuality "1"]

1. Nf3 Nf6 2. c4 g6 3. g3 Bg7 4. Bg2 O-O 5. O-O d6 6. Nc3 Nbd7 7. d3 e5 8. Rb1
Re8 9. e4 a5 10. a3 Nc5 11. b4 axb4 12. axb4 Ne6 13. h3 h5 14. Be3 Nd7 15. Qd2
Nd4 16. Bxd4 exd4 17. Nb5 Ne5 18. Nbxd4 Ra3 19. Nxe5 dxe5 20. Nb3 h4 21. Rfd1
hxg3 22. fxg3 Qe7 23. Qc3 Bh6 24. Kh2 Be3 25. Re1 Qg5 26. Re2 Kg7 27. Qe1 Rxb3
28. Rxb3 Bd4 29. Ra3 Be6 30. Qd2 Qh5 31. Qe1 f5 32. exf5 Bxf5 33. Qf1 Rh8 34.
Rea2 Qg5 35. Ra8 Rh5 36. Re8 Qe3 37. Re7+ Kf6 38. Rxc7 Kg5 39. Re2 Qxd3 40. h4+
Kh6 41. Qc1+ g5 42. Rd2 Qe3 43. Rxd4 Qxc1 44. Rd6+ Bg6 45. Be4 Rxh4+ 46. gxh4
Qf4+ 47. Kg1 Qxe4 48. hxg5+ Kxg5 49. Rd5 Qe3+ 50. Kh2 Qf2+ 0-1

[Event "FIDE Open World Blitz 2021"]
[Site "Warsaw"]
[Date "2021.12.29"]
[Round "7.29"]
[White "Van Foreest, Jorden"]
[Black "Quparadze, Giga"]
[Result "0-1"]
[WhiteElo "2566"]
[BlackElo "2475"]
[Annotator "ChessBase"]
[PlyCount "114"]
[EventDate "2021.12.29"]
[EventType "swiss"]
[EventCountry "POL"]
[Tiebreak "Cut1 Buchholz"]
[SourceTitle "playchess.com"]
[Source "ChessBase"]
[SourceQuality "1"]

1. e4 c5 2. Nf3 e6 3. c3 d5 4. e5 d4 5. d3 Nc6 6. g3 Nge7 7. Bg2 Ng6 8. Qe2 Qc7
9. Na3 Ncxe5 10. Nxe5 Qxe5 11. Be4 Bd7 12. O-O Bc6 13. f4 Qc7 14. f5 Ne5 15.
fxe6 f6 16. Bf4 Bd6 17. cxd4 cxd4 18. Rac1 Bxa3 19. Qh5+ g6 20. Bxg6+ Ke7 21.
Bg5 fxg5 22. Qxg5+ Kd6 23. bxa3 hxg6 24. Rce1 Rh5 25. Qf4 Rf5 26. Qxd4+ Kxe6
27. Rxf5 gxf5 28. Qf4 Rd8 29. d4 Be4 30. Qh6+ Kd7 31. dxe5 Qxe5 32. Qe3 Kc8 33.
Qxa7 Qd4+ 34. Qxd4 Rxd4 35. Re2 Ra4 36. Re3 Kd7 37. Rb3 Bd5 38. Rc3 Rd4 39. h4
Ke6 40. Kf2 Kf6 41. Ke3 Re4+ 42. Kd2 Bc6 43. Rd3 Rg4 44. Ke1 Rc4 45. Rd6+ Ke5
46. Rd3 Rc1+ 47. Kd2 Ra1 48. Re3+ Kf6 49. Kc3 Rxa2 50. Kd4 Rf2 51. Re1 Rf3 52.
Rg1 Rxa3 53. Kc5 Ra4 54. Kb6 Rg4 55. Kc7 Kg6 56. Kd6 f4 57. Ke5 fxg3 0-1

[Event "FIDE Open World Blitz 2021"]
[Site "Warsaw"]
[Date "2021.12.29"]
[Round "7.29"]
[White "Nasuta, Grzegorz"]
[Black "Berchtenbreiter, Maximilian"]
[Result "0-1"]
[WhiteElo "2377"]
[BlackElo "2506"]
[Annotator "ChessBase"]
[PlyCount "54"]
[EventDate "2021.12.29"]
[EventType "swiss"]
[EventCountry "POL"]
[Tiebreak "Cut1 Buchholz"]
[SourceTitle "playchess.com"]
[Source "ChessBase"]
[SourceQuality "1"]

1. e4 g6 2. d4 c6 3. Nc3 d5 4. e5 h5 5. Bf4 Bf5 6. Qd2 Nd7 7. Nf3 e6 8. Be2 Bg4
9. O-O-O b5 10. h3 Bxf3 11. Bxf3 Nb6 12. g4 Nc4 13. Qd3 h4 14. Ne2 Qa5 15. Kb1
Rb8 16. Nc1 Ne7 17. Be2 Nc8 18. Bg5 Be7 19. Bxe7 Nxe7 20. f4 Qb6 21. Nb3 a5 22.
Nc5 a4 23. Qf3 Qa5 24. c3 b4 25. Bxc4 bxc3 26. Bd3 Rxb2+ 27. Ka1 Qb4 0-1

[Event "FIDE Open World Blitz 2021"]
[Site "Warsaw"]
[Date "2021.12.29"]
[Round "7.30"]
[White "Kobalia, Mikhail"]
[Black "Dreev, Aleksey"]
[Result "1-0"]
[WhiteElo "2600"]
[BlackElo "2635"]
[Annotator "ChessBase"]
[PlyCount "97"]
[EventDate "2021.12.29"]
[EventType "swiss"]
[EventCountry "POL"]
[Tiebreak "Cut1 Buchholz"]
[SourceTitle "playchess.com"]
[Source "ChessBase"]
[SourceQuality "1"]

1. e4 c5 2. Nf3 Nf6 3. e5 Nd5 4. Nc3 e6 5. Nxd5 exd5 6. d4 Nc6 7. c3 d6 8. Bb5
cxd4 9. Nxd4 Bd7 10. exd6 Bxd6 11. Nf3 O-O 12. O-O Bg4 13. h3 Bh5 14. Qd3 Bc7
15. Qf5 Bg6 16. Qg4 Qd6 17. g3 Bb6 18. Bf4 Qc5 19. a4 Rfe8 20. Be3 Rxe3 21.
fxe3 Qxe3+ 22. Kh2 h5 23. Qg5 Qxg5 24. Nxg5 Ne5 25. Rae1 f6 26. Nf3 Nd3 27. Re7
Nc5 28. Nd4 Bd8 29. Ree1 Bb6 30. Re7 Bd8 31. Ree1 Bb6 32. Ne6 Ne4 33. Nf4 Bf7
34. Rd1 Bc7 35. Rfe1 h4 36. Kg2 a6 37. Nxd5 Bxd5 38. Rxd5 axb5 39. Rxe4 Bxg3
40. Rxb5 Rd8 41. Rd4 Re8 42. Kf3 Re7 43. Rdb4 Re1 44. Rxb7 f5 45. Rd7 Rf1+ 46.
Ke2 Rf2+ 47. Kd3 f4 48. Rbb7 g5 49. Rd8# 1-0

[Event "FIDE Open World Blitz 2021"]
[Site "Warsaw"]
[Date "2021.12.29"]
[Round "7.30"]
[White "Krasenkow, Michal"]
[Black "Lubczynski, Rafal"]
[Result "1/2-1/2"]
[WhiteElo "2576"]
[BlackElo "2361"]
[Annotator "ChessBase"]
[PlyCount "93"]
[EventDate "2021.12.29"]
[EventType "swiss"]
[EventCountry "POL"]
[Tiebreak "Cut1 Buchholz"]
[SourceTitle "playchess.com"]
[Source "ChessBase"]
[SourceQuality "1"]

1. Nf3 Nf6 2. c4 c6 3. Nc3 d5 4. e3 a6 5. b3 Bf5 6. Bb2 e6 7. d3 Nbd7 8. Be2
Nc5 9. Nd4 Bg6 10. f4 dxc4 11. bxc4 Bxd3 12. Bxd3 Nxd3+ 13. Qxd3 c5 14. O-O
cxd4 15. exd4 Be7 16. Kh1 O-O 17. f5 e5 18. d5 Nd7 19. Ne4 Rc8 20. d6 Bf6 21.
Qd5 Qb6 22. Rab1 Qc6 23. Qxc6 Rxc6 24. Rfc1 Rfc8 25. Ba3 b6 26. c5 Nxc5 27.
Bxc5 bxc5 28. d7 Rd8 29. Nxc5 Be7 30. Nb7 Rxc1+ 31. Rxc1 Rxd7 32. Na5 e4 33. g4
Bg5 34. Rc8+ Rd8 35. Rxd8+ Bxd8 36. Nc4 Bg5 37. Kg2 Kf8 38. Nd6 e3 39. Ne4 h6
40. Nxg5 hxg5 41. Kf3 Ke7 42. Kxe3 Kd6 43. Kd4 f6 44. h3 Kc6 45. Kc4 Kd6 46.
Kd4 Kc6 47. Kc4 1/2-1/2

[Event "FIDE Open World Blitz 2021"]
[Site "Warsaw"]
[Date "2021.12.29"]
[Round "7.31"]
[White "Zvjaginsev, Vadim"]
[Black "Teclaf, Pawel"]
[Result "1-0"]
[WhiteElo "2609"]
[BlackElo "2543"]
[Annotator "ChessBase"]
[PlyCount "73"]
[EventDate "2021.12.29"]
[EventType "swiss"]
[EventCountry "POL"]
[Tiebreak "Cut1 Buchholz"]
[SourceTitle "playchess.com"]
[Source "ChessBase"]
[SourceQuality "1"]

1. c4 b6 2. Nc3 Bb7 3. Nf3 Nf6 4. g3 g6 5. Bg2 Bg7 6. O-O O-O 7. b3 d5 8. cxd5
Nxd5 9. Bb2 Nd7 10. Qc1 N7f6 11. Nxd5 Bxd5 12. b4 Rc8 13. Bc3 c5 14. bxc5 Rxc5
15. Qb2 Qa8 16. a4 Rfc8 17. Rfc1 Qc6 18. Ne5 Qe6 19. f3 Bb7 20. Nd3 Rc4 21. e4
Qd6 22. Nf2 Qd8 23. a5 h5 24. axb6 axb6 25. Rab1 R4c6 26. Bh3 R8c7 27. Bf1 h4
28. g4 Ne8 29. Bxg7 Nxg7 30. Rxc6 Rxc6 31. d4 Rd6 32. d5 e6 33. e5 Rxd5 34. Ne4
Rd1 35. Rxd1 Qxd1 36. Nf6+ Kf8 37. Qb4+ 1-0

[Event "FIDE Open World Blitz 2021"]
[Site "Warsaw"]
[Date "2021.12.29"]
[Round "7.31"]
[White "Kolosowski, Mateusz"]
[Black "Heberla, Bartlomiej"]
[Result "1/2-1/2"]
[WhiteElo "2444"]
[BlackElo "2373"]
[Annotator "NA"]
[PlyCount "210"]
[EventDate "2021.12.29"]
[EventType "swiss"]
[EventCountry "POL"]
[Tiebreak "Cut1 Buchholz"]
[SourceTitle "playchess.com"]
[Source "ChessBase"]
[SourceQuality "1"]

1. e4 e5 2. Nf3 Nc6 3. d4 exd4 4. Nxd4 Bc5 5. Nxc6 Qf6 6. Qf3 bxc6 7. Nd2 d6 8.
Nb3 Qxf3 9. gxf3 Bb6 10. a4 a5 11. Be3 Bxe3 12. fxe3 Nf6 13. Rg1 g6 14. Nd2 Ke7
15. Kf2 Be6 16. b3 Nd7 17. f4 Rab8 18. Rg5 Nc5 19. e5 Bf5 20. exd6+ cxd6 21.
Rc1 h6 22. Rg1 Be4 23. Bg2 Bxg2 24. Kxg2 d5 25. Kf3 Kf6 26. h4 Rhe8 27. h5 Re6
28. Rce1 Rbe8 29. hxg6 fxg6 30. Rh1 Kg7 31. Rhg1 Kh7 32. Rg3 Ne4 33. Nxe4 Rxe4
34. c3 Rf8 35. Rh1 Rfe8 36. Kf2 R4e6 37. Rgh3 Kg7 38. Rg3 Rf8 39. Rgh3 Rh8 40.
Ke2 h5 41. Kd3 Kf6 42. Rg1 Rb8 43. Kc2 Rbe8 44. Kd3 c5 45. Rg5 Rd6 46. Rhg3 Kf7
47. f5 gxf5 48. Rxf5+ Rf6 49. Rxh5 Rd8 50. Rh7+ Ke6 51. Ra7 Rb8 52. Ra6+ Kf7
53. Rxa5 Rxb3 54. Rxc5 Ra3 55. Rxd5 Rc6 56. Ke4 Rcxc3 57. Rd4 Kf6 58. Rf3+ Ke6
59. Rh3 Kf6 60. Kf4 Rcb3 61. Rh6+ Kg7 62. Re6 Kf7 63. Ree4 Kf6 64. Rd6+ Kf7 65.
Ra6 Ra1 66. Rc4 Rf1+ 67. Ke4 Rb7 68. Rac6 Re7+ 69. Kd4 Rd1+ 70. Kc5 Rxe3 71. a5
Re5+ 72. Kb6 Rb1+ 73. Ka6 Ra1 74. R4c5 Rxc5 75. Rxc5 Ke7 76. Rd5 Ke6 77. Rd2
Ke7 78. Kb6 Rb1+ 79. Ka7 Rb3 80. a6 Rb1 81. Rd5 Rb2 82. Ka8 Rb1 83. Rd2 Rb3 84.
Rd4 Rb1 85. Rd5 Rb2 86. Rd1 Rb3 87. Rd2 Rb4 88. Rd3 Rb5 89. Rd1 Rb2 90. Ka7 Rb3
91. Rh1 Kd7 92. Rh7+ Kc6 93. Rb7 Ra3 94. Rb1 Rh3 95. Rc1+ Kb5 96. Rb1+ Kc6 97.
Rb6+ Kc7 98. Rb7+ Kc6 99. Rg7 Rb3 100. Rg1 Kc7 101. Rc1+ Kd7 102. Ka8 Rh3 103.
a7 Rb3 104. Rc4 Rb2 105. Rc1 Rb3 1/2-1/2

[Event "FIDE Open World Blitz 2021"]
[Site "Warsaw"]
[Date "2021.12.29"]
[Round "7.32"]
[White "Sanal, Vahap"]
[Black "Hovhannisyan, Robert"]
[Result "1-0"]
[WhiteElo "2590"]
[BlackElo "2622"]
[Annotator "ChessBase"]
[PlyCount "77"]
[EventDate "2021.12.29"]
[EventType "swiss"]
[EventCountry "POL"]
[Tiebreak "Cut1 Buchholz"]
[SourceTitle "playchess.com"]
[Source "ChessBase"]
[SourceQuality "1"]

1. e4 e5 2. Nc3 Nc6 3. Bc4 Nf6 4. d3 Bb4 5. Nge2 d5 6. exd5 Nxd5 7. O-O Be6 8.
Bd2 Be7 9. Bxd5 Bxd5 10. f4 f6 11. fxe5 Nxe5 12. Nxd5 Qxd5 13. Nf4 Qf7 14. d4
Ng6 15. Qg4 Nxf4 16. Bxf4 O-O 17. Rae1 Rfe8 18. Bxc7 Rac8 19. Ba5 Rxc2 20. Bc3
Bf8 21. Qf3 Rxe1 22. Rxe1 b5 23. a3 a5 24. Qa8 Qg6 25. Qd5+ Kh8 26. Qa8 Kg8 27.
Bxa5 h5 28. Bb4 h4 29. Bxf8 h3 30. Bxg7+ Kxg7 31. Re7+ Kh6 32. Qh8+ Kg5 33. Rg7
Rc1+ 34. Kf2 Rc2+ 35. Kf3 hxg2 36. h4+ Kf5 37. Rxg6 Kxg6 38. Qg8+ Kh6 39. Qxg2
1-0